| 000 | 01258nam a2200289Ia 4500 | ||
|---|---|---|---|
| 999 |
_c43832 _d43832 |
||
| 001 | 10577 | ||
| 003 | GE_BSU | ||
| 005 | 20190604211012.0 | ||
| 008 | 181216s1994|||| |||||||||||||| ||eng|| | ||
| 020 | _a0716632381 | ||
| 040 | _cGE_BSU | ||
| 041 | _aeng | ||
| 080 | _a811.111 T-44 | ||
| 245 | 4 |
_aThe world book of word power : Volume 1: Language. Volume 2 : Writing and speaking / _cProject editors:Joan A Grygel ; Chapter editors : India Cooper, Judite Gallagher, Mary Oates, Johnson, Joyce Senn. |
|
| 260 |
_cChicago : _aA Scott Fetzer company, _b1994. |
||
| 300 |
_aVolume1:194p; Volume 2:532p :. _c 24 cm. |
||
| 541 | _h18Gel. | ||
| 653 | _aThe world book of word power | ||
| 653 | _aსიტყვის ძალაუფლების მსოფლიო წიგნი | ||
| 653 | _aენა | ||
| 700 |
_aJoan, A Grygel _eპროექტის რედაქტორი _92088 |
||
| 700 |
_aIndia, Cooper _eთავის რედაქტორი _92089 |
||
| 700 |
_aJudite, Gallagher _eთავის რედაქტორი _92090 |
||
| 700 |
_aMary, Oates _eთავის რედაქტორი _92091 |
||
| 700 |
_aJohnson,Joyce Senn _eთავის რედაქტორი _92092 |
||
| 942 |
_cBK _2udc |
||